000 00335nam a2200145Ia 4500
999 _c3615
_d3615
003 OSt
008 201107b ||||| |||| 00| 0 eng d
082 _a621.4021
100 _aYadav, R.
245 _aApplied Thermodynamics
250 _aRep.
260 _a Allahabad
_bControl Pub. House
_c 2007
300 _a996.
942 _2ddc
_cBK